Построение системы "Умный дом" с использованием платформы "Arduino" и компьютера "Raspberry Pi"; Молодежь и современные информационные технологии

Xehetasun bibliografikoak
Parent link:Молодежь и современные информационные технологии.— 2013.— [С. 198-199]
Egile nagusia: Берчук Д. Ю. Денис Юрьевич
Beste egile batzuk: Журавлев Д. В. Денис Владимирович
Gaia:Заглавие с титульного экрана
Hizkuntza:errusiera
Argitaratua: 2013
Saila:Автоматизация и управление в технических системах
Gaiak:
Sarrera elektronikoa:http://earchive.tpu.ru/handle/11683/70426
http://www.lib.tpu.ru/fulltext/c/2013/C04/087.pdf
Formatua: Baliabide elektronikoa Liburu kapitulua
KOHA link:https://koha.lib.tpu.ru/cgi-bin/koha/opac-detail.pl?biblionumber=603747

MARC

LEADER 00000naa2a2200000 4500
001 603747
005 20260204132709.0
035 |a (RuTPU)RU\TPU\conf\946 
035 |a RU\TPU\conf\944 
090 |a 603747 
100 |a 20140204d2013 k y0rusy50 ca 
101 0 |a rus 
102 |a RU 
135 |a drnn ---uucaa 
181 0 |a i  
182 0 |a b 
200 1 |a Построение системы "Умный дом" с использованием платформы "Arduino" и компьютера "Raspberry Pi"  |f Д. Ю. Берчук, Д. В. Журавлев 
203 |a Текст  |c электронный 
225 1 |a Автоматизация и управление в технических системах 
300 |a Заглавие с титульного экрана 
320 |a [Библиогр.: с. 199 (4 назв.)] 
337 |a Adobe Reader 
463 1 |0 (RuTPU)RU\TPU\conf\515  |t Молодежь и современные информационные технологии  |o сборник трудов XI Международной научно-практической конференции студентов, аспирантов и молодых ученых, г. Томск, 13-16 ноября 2013 г.  |f Национальный исследовательский Томский политехнический университет (ТПУ) ; под ред. Е. А. Сикоры и др.  |v [С. 198-199]  |d 2013 
610 1 |a труды учёных ТПУ 
610 1 |a электронный ресурс 
610 1 |a Умный дом 
610 1 |a Arduino 
610 1 |a Raspberry Pi 
610 1 |a энергоресурсы 
700 1 |a Берчук  |b Д. Ю.  |c специалист в области информатики и вычислительной техники  |c инженер Томского политехнического университета  |g Денис Юрьевич  |3 (RuTPU)RU\TPU\pers\31335 
701 1 |a Журавлев  |b Д. В.  |c специалист в области информатики и вычислительной техники  |c инженер Томского политехнического университета  |g Денис Владимирович  |3 (RuTPU)RU\TPU\pers\31336 
801 2 |a RU  |b 63413507  |c 20220328  |g RCR 
856 4 |u http://earchive.tpu.ru/handle/11683/70426 
856 4 |u http://www.lib.tpu.ru/fulltext/c/2013/C04/087.pdf 
942 |c CF